[Event "1st Stars Cup 2016"]
[Site "Guilan, Iran"]
[Date "2016.07.19"]
[Round "9"]
[Board "10"]
[White "Maghsoodloo, Parham"]
[Black "Vakhidov, Jahongir"]
[Result "1-0"]
[WhiteElo "2501"]
[BlackElo "2586"]
[PlyCount "0"]
[EventDate "2016.07.11"]
[EventType "team"]
[EventRounds "10"]
[EventCountry "IRI"]
[WhiteTeam "Iran Stars"]
[BlackTeam "World Stars"]

1. Nf3 {[%clk 1:29:56]} d5 {[%clk 1:30:41]} 2. c4 {[%clk 1:28:24]} e6
{[%clk 1:30:17]} 3. g3 {[%clk 1:26:40]} g6 {[%clk 1:29:29]} 4. Bg2
{[%clk 1:26:21]} Bg7 {[%clk 1:29:39]} 5. O-O {[%clk 1:26:00]} Ne7
{[%clk 1:29:41]} 6. d4 {[%clk 1:25:41]} O-O {[%clk 1:29:42]} 7. Qc2
{[%clk 1:22:07]} Nbc6 {[%clk 1:29:22]} 8. Rd1 {[%clk 1:14:34]} a5
{[%clk 1:21:25]} 9. Bf4 {[%clk 1:12:23]} dxc4 {[%clk 1:20:45]} 10. Na3
{[%clk 1:12:35]} Nb4 {[%clk 1:18:51]} 11. Qc1 {[%clk 1:09:31]} b6
{[%clk 0:56:23]} 12. Nxc4 {[%clk 1:08:06]} Bb7 {[%clk 0:56:03]} 13. a3
{[%clk 1:05:36]} Nbd5 {[%clk 0:54:56]} 14. Bh6 {[%clk 1:06:03]} Bxh6
{[%clk 0:54:09]} 15. Qxh6 {[%clk 1:06:19]} Nf5 {[%clk 0:53:30]} 16. Qd2
{[%clk 1:06:00]} Nf6 {[%clk 0:53:43]} 17. Rac1 {[%clk 1:06:03]} Bd5
{[%clk 0:50:38]} 18. Qd3 {[%clk 0:59:24]} Qb8 {[%clk 0:47:38]} 19. Nfe5
{[%clk 0:56:43]} Bxg2 {[%clk 0:35:25]} 20. Kxg2 {[%clk 0:56:50]} Qb7+
{[%clk 0:35:53]} 21. Qf3 {[%clk 0:56:45]} Qxf3+ {[%clk 0:36:02]} 22. Kxf3
{[%clk 0:57:03]} Ne7 {[%clk 0:36:14]} 23. e4 {[%clk 0:52:00]} Rfd8
{[%clk 0:36:24]} 24. Ne3 {[%clk 0:50:37]} Ne8 {[%clk 0:36:46]} 25. Nc6
{[%clk 0:48:18]} Nxc6 {[%clk 0:37:13]} 26. Rxc6 {[%clk 0:48:43]} Rd7
{[%clk 0:30:30]} 27. Nc4 {[%clk 0:46:03]} Re7 {[%clk 0:21:08]} 28. Ke3
{[%clk 0:45:38]} b5 {[%clk 0:19:55]} 29. Nd2 {[%clk 0:44:49]} e5 {[%clk 0:19:40]}
30. dxe5 {[%clk 0:43:33]} Rxe5 {[%clk 0:19:46]} 31. Rdc1 {[%clk 0:43:48]} Re7
{[%clk 0:19:20]} 32. R1c5 {[%clk 0:42:35]} Rb8 {[%clk 0:19:02]} 33. b3
{[%clk 0:40:49]} a4 {[%clk 0:16:38]} 34. b4 {[%clk 0:41:00]} Kg7 {[%clk 0:16:43]}
35. f4 {[%clk 0:35:54]} Rd7 {[%clk 0:13:17]} 36. Nf3 {[%clk 0:36:07]} Rbd8
{[%clk 0:13:03]} 37. Rc3 {[%clk 0:36:35]} Rd1 {[%clk 0:12:57]} 38. e5
{[%clk 0:36:37]} Kg8 {[%clk 0:09:34]} 39. g4 {[%clk 0:36:35]} Ra1
{[%clk 0:05:37]} 40. f5 {[%clk 0:34:56]} gxf5 {[%clk 0:03:35]} 41. gxf5
{[%clk 0:35:25]} f6 {[%clk 0:03:36]} 42. exf6 {[%clk 0:32:34]} Rd6
{[%clk 0:01:12]} 43. Rxd6 {[%clk 0:32:14]} cxd6 {[%clk 0:01:41]} 44. Nd4
{[%clk 0:30:01]} Nxf6 {[%clk 0:02:06]} 45. Rc8+ {[%clk 0:30:21]} Kg7
{[%clk 0:02:12]} 46. Nxb5 {[%clk 0:30:44]} Kh6 {[%clk 0:00:44]} 47. Ra8
{[%clk 0:29:18]} Kg5 {[%clk 0:01:13]} 48. Rxa4 {[%clk 0:29:34]} Ng4+
{[%clk 0:01:00]} 49. Kd2 {[%clk 0:28:13]} Nxh2 {[%clk 0:00:32]} 50. Nxd6
{[%clk 0:28:32]} h5 {[%clk 0:00:56]} 51. b5 {[%clk 0:28:33]} h4 {[%clk 0:00:33]}
52. b6 {[%clk 0:28:58]} Nf1+ {[%clk 0:00:57]} 53. Ke2 {[%clk 0:28:28]} h3
{[%clk 0:01:02]} 54. Ne4+ {[%clk 0:27:41]} Kxf5 {[%clk 0:01:14]} 55. b7
{[%clk 0:28:10]} h2 {[%clk 0:01:29]} 56. b8=Q {[%clk 0:28:07]} h1=Q
{[%clk 0:00:55]} 57. Ra5+ {[%clk 0:28:23]} 1-0

[Event "1st Stars Cup 2016"]
[Site "Guilan, Iran"]
[Date "2016.07.20"]
[Round "10"]
[Board "1"]
[White "Mousavi, Seyed Khalil"]
[Black "Sargissian, Gabriel"]
[Result "0-1"]
[WhiteElo "2432"]
[BlackElo "2679"]
[PlyCount "0"]
[EventDate "2016.07.11"]
[EventType "team"]
[EventRounds "10"]
[EventCountry "IRI"]
[WhiteTeam "Iran Stars"]
[BlackTeam "World Stars"]

1. d4 {[%clk 1:30:51]} Nf6 {[%clk 1:28:45]} 2. c4 {[%clk 1:30:46]} e6
{[%clk 1:29:07]} 3. Nf3 {[%clk 1:31:07]} Bb4+ {[%clk 1:27:32]} 4. Bd2
{[%clk 1:30:27]} Qe7 {[%clk 1:26:26]} 5. g3 {[%clk 1:29:08]} Bxd2+
{[%clk 1:25:09]} 6. Nbxd2 {[%clk 1:25:57]} d6 {[%clk 1:24:34]} 7. Bg2
{[%clk 1:25:59]} e5 {[%clk 1:24:32]} 8. e4 {[%clk 1:24:30]} O-O {[%clk 1:13:59]}
9. O-O {[%clk 1:23:36]} c5 {[%clk 1:10:09]} 10. d5 {[%clk 1:22:19]} Na6
{[%clk 1:08:36]} 11. Nh4 {[%clk 1:21:46]} Rb8 {[%clk 1:07:01]} 12. Qe2
{[%clk 1:21:40]} g6 {[%clk 1:05:41]} 13. f4 exf4 {[%clk 1:04:28]} 14. Rxf4
{[%clk 1:19:38]} Nh5 {[%clk 0:55:17]} 15. Rf2 {[%clk 1:18:14]} Bd7
{[%clk 0:55:25]} 16. Nf5 {[%clk 1:07:26]} Bxf5 {[%clk 0:54:29]} 17. exf5
{[%clk 1:07:27]} Qxe2 {[%clk 0:51:11]} 18. Rxe2 {[%clk 1:07:09]} Nf6
{[%clk 0:46:59]} 19. Rf1 {[%clk 1:04:23]} g5 {[%clk 0:43:21]} 20. Ne4
{[%clk 1:00:26]} Nxe4 {[%clk 0:42:45]} 21. Rxe4 {[%clk 1:00:54]} Rfe8
{[%clk 0:42:55]} 22. Rfe1 {[%clk 0:51:52]} Kf8 {[%clk 0:38:20]} 23. f6
{[%clk 0:46:19]} Rxe4 {[%clk 0:38:27]} 24. Rxe4 {[%clk 0:44:57]} Nc7
{[%clk 0:38:11]} 25. h4 {[%clk 0:43:37]} h6 {[%clk 0:37:51]} 26. hxg5
{[%clk 0:30:51]} hxg5 {[%clk 0:38:14]} 27. Re3 {[%clk 0:28:16]} Ne8
{[%clk 0:32:35]} 28. Rf3 {[%clk 0:27:52]} b5 {[%clk 0:28:30]} 29. cxb5
{[%clk 0:25:45]} Rxb5 {[%clk 0:28:47]} 30. b3 {[%clk 0:24:28]} Rb4
{[%clk 0:29:09]} 31. Bf1 {[%clk 0:24:03]} Re4 {[%clk 0:28:06]} 32. Bc4
{[%clk 0:18:22]} Re5 {[%clk 0:28:13]} 33. Kf2 {[%clk 0:17:36]} Nc7
{[%clk 0:28:13]} 34. Re3 {[%clk 0:13:28]} Rxe3 {[%clk 0:27:38]} 35. Kxe3
{[%clk 0:13:57]} Ne8 {[%clk 0:26:27]} 36. Ke4 {[%clk 0:14:22]} Nxf6+
{[%clk 0:26:44]} 37. Kf5 {[%clk 0:14:51]} Nh7 {[%clk 0:26:48]} 38. Bf1
{[%clk 0:14:15]} Ke7 {[%clk 0:26:53]} 39. Bh3 {[%clk 0:14:15]} Nf6
{[%clk 0:25:31]} 40. Bg2 {[%clk 0:14:33]} g4 {[%clk 0:24:26]} 41. Kg5
{[%clk 0:14:11]} Nd7 {[%clk 0:20:55]} 42. Kxg4 {[%clk 0:14:22]} Ne5+
{[%clk 0:21:18]} 43. Kf5 {[%clk 0:12:18]} Nd3 {[%clk 0:21:33]} 44. Bf1
{[%clk 0:08:05]} Nc1 {[%clk 0:21:45]} 45. Bc4 {[%clk 0:05:09]} Nxa2
{[%clk 0:22:11]} 46. g4 {[%clk 0:04:43]} Nb4 {[%clk 0:19:03]} 47. Kg5
{[%clk 0:04:56]} Nc2 {[%clk 0:19:14]} 48. Kf4 {[%clk 0:04:58]} Nd4
{[%clk 0:17:55]} 49. Ke4 {[%clk 0:03:58]} a5 {[%clk 0:18:20]} 50. Kf4
{[%clk 0:03:52]} Kf6 {[%clk 0:15:44]} 51. g5+ {[%clk 0:04:03]} Ke7
{[%clk 0:15:19]} 52. Ke4 {[%clk 0:04:08]} Ke8 {[%clk 0:15:34]} 53. Kf4
{[%clk 0:04:31]} Kf8 {[%clk 0:15:41]} 54. Ke4 {[%clk 0:04:25]} Ke7
{[%clk 0:15:35]} 55. Kf4 {[%clk 0:04:48]} f6 {[%clk 0:15:33]} 56. gxf6+
{[%clk 0:02:58]} Kxf6 {[%clk 0:15:59]} 57. Ke4 {[%clk 0:03:23]} Kg5
{[%clk 0:16:19]} 58. Kd3 {[%clk 0:03:47]} Kf4 {[%clk 0:16:34]} 59. Kc3
{[%clk 0:04:08]} Nf5 {[%clk 0:14:44]} 60. Ba6 {[%clk 0:03:44]} Ne3
{[%clk 0:14:47]} 61. Bb7 {[%clk 0:03:49]} Ke5 {[%clk 0:13:15]} 62. Kd3
{[%clk 0:04:15]} Nxd5 {[%clk 0:13:21]} 63. Kc4 {[%clk 0:04:43]} Nc7
{[%clk 0:11:52]} 64. Bc6 {[%clk 0:04:03]} Ke6 {[%clk 0:07:35]} 65. Be4
{[%clk 0:04:01]} Kd7 {[%clk 0:07:36]} 66. Bb7 {[%clk 0:03:30]} Kd8
{[%clk 0:07:59]} 67. Kc3 {[%clk 0:02:03]} Ke7 {[%clk 0:08:19]} 68. Kc4
{[%clk 0:01:35]} Kd7 {[%clk 0:08:44]} 69. Be4 {[%clk 0:01:55]} Kc8
{[%clk 0:09:05]} 70. Bc6 {[%clk 0:02:01]} Kb8 {[%clk 0:09:30]} 71. Be4
{[%clk 0:01:45]} Ka7 {[%clk 0:09:31]} 72. Bh1 {[%clk 0:02:06]} Kb6
{[%clk 0:09:56]} 73. Be4 {[%clk 0:02:31]} d5+ {[%clk 0:09:52]} 0-1

[Event "1st Stars Cup 2016"]
[Site "Guilan, Iran"]
[Date "2016.07.20"]
[Round "10"]
[Board "2"]
[White "Gholami, Aryan"]
[Black "Dreev, Aleksey"]
[Result "1/2-1/2"]
[WhiteElo "2454"]
[BlackElo "2664"]
[PlyCount "0"]
[EventDate "2016.07.11"]
[EventType "team"]
[EventRounds "10"]
[EventCountry "IRI"]
[WhiteTeam "Iran Stars"]
[BlackTeam "World Stars"]

1. c4 {[%clk 1:30:57]} e6 {[%clk 1:29:02]} 2. Nc3 {[%clk 1:31:09]} d5
{[%clk 1:29:14]} 3. d4 {[%clk 1:31:29]} Nf6 {[%clk 1:29:10]} 4. Nf3
{[%clk 1:31:45]} Nbd7 {[%clk 1:29:09]} 5. e3 {[%clk 1:28:02]} a6 {[%clk 1:25:21]}
6. c5 {[%clk 1:23:49]} c6 {[%clk 1:24:13]} 7. b4 {[%clk 1:23:30]} b6
{[%clk 1:20:01]} 8. Bb2 {[%clk 1:17:35]} Qc7 {[%clk 1:11:41]} 9. Bd3
{[%clk 1:14:06]} a5 {[%clk 1:06:35]} 10. a3 {[%clk 1:13:15]} Be7 {[%clk 1:07:00]}
11. O-O {[%clk 1:12:20]} O-O {[%clk 1:07:18]} 12. Qe2 {[%clk 1:11:17]} Bb7
{[%clk 1:01:30]} 13. Rfc1 {[%clk 1:05:47]} Rfb8 {[%clk 0:53:42]} 14. Qc2
{[%clk 0:50:11]} Ba6 {[%clk 0:49:22]} 15. cxb6 {[%clk 0:45:49]} Qxb6
{[%clk 0:45:10]} 16. Na4 {[%clk 0:40:47]} Qb7 {[%clk 0:44:29]} 17. Bxa6
{[%clk 0:36:10]} Rxa6 {[%clk 0:44:11]} 18. Bc3 {[%clk 0:35:51]} axb4
{[%clk 0:43:29]} 19. axb4 {[%clk 0:36:19]} Ne4 {[%clk 0:17:37]} 20. Nc5
{[%clk 0:35:54]} Bxc5 {[%clk 0:17:03]} 21. bxc5 {[%clk 0:36:16]} Rxa1
{[%clk 0:17:12]} 22. Rxa1 {[%clk 0:36:09]} Ra8 {[%clk 0:17:21]} 23. Rxa8+
{[%clk 0:35:12]} Qxa8 {[%clk 0:17:46]} 24. Nd2 {[%clk 0:35:07]} Nxd2
{[%clk 0:15:55]} 25. Qxd2 {[%clk 0:35:13]} e5 {[%clk 0:10:12]} 26. f3
{[%clk 0:33:31]} Qa3 {[%clk 0:06:40]} 27. Qb2 {[%clk 0:32:06]} Qxb2
{[%clk 0:05:43]} 28. Bxb2 {[%clk 0:32:23]} f5 {[%clk 0:04:26]} 29. Kf2
{[%clk 0:31:53]} Kf7 {[%clk 0:04:51]} 30. h3 {[%clk 0:30:49]} exd4
{[%clk 0:02:31]} 31. exd4 {[%clk 0:30:42]} Nf8 {[%clk 0:02:21]} 32. Ke3
{[%clk 0:28:25]} Ne6 {[%clk 0:02:16]} 33. Bc1 {[%clk 0:28:47]} h5
{[%clk 0:01:35]} 34. Kd3 {[%clk 0:27:12]} Kf6 {[%clk 0:01:20]} 35. Bd2
{[%clk 0:23:22]} Ke5 36. Ke4+ {[%clk 0:23:05]} 1/2-1/2

[Event "1st Stars Cup 2016"]
[Site "Guilan, Iran"]
[Date "2016.07.20"]
[Round "10"]
[Board "3"]
[White "Firouzja, Alireza"]
[Black "Edouard, Romain"]
[Result "0-1"]
[WhiteElo "2481"]
[BlackElo "2639"]
[PlyCount "0"]
[EventDate "2016.07.11"]
[EventType "team"]
[EventRounds "10"]
[EventCountry "IRI"]
[WhiteTeam "Iran Stars"]
[BlackTeam "World Stars"]

1. d4 {[%clk 1:30:22]} d5 {[%clk 1:29:50]} 2. c4 {[%clk 1:30:37]} e6
{[%clk 1:30:14]} 3. Nc3 {[%clk 1:29:31]} c5 {[%clk 1:30:34]} 4. e3
{[%clk 1:20:52]} Nf6 {[%clk 1:30:22]} 5. Nf3 {[%clk 1:20:52]} a6 {[%clk 1:30:38]}
6. cxd5 {[%clk 1:16:43]} exd5 {[%clk 1:30:53]} 7. Be2 {[%clk 1:12:58]} c4
{[%clk 1:21:06]} 8. a4 {[%clk 0:58:56]} Nc6 {[%clk 1:18:25]} 9. O-O
{[%clk 0:57:23]} Na5 {[%clk 1:04:54]} 10. Nd2 {[%clk 0:40:19]} Bb4
{[%clk 1:04:56]} 11. e4 {[%clk 0:32:12]} O-O {[%clk 1:02:18]} 12. Nxd5
{[%clk 0:19:53]} Nxd5 {[%clk 1:02:24]} 13. exd5 {[%clk 0:20:17]} b5
{[%clk 0:59:08]} 14. axb5 {[%clk 0:19:30]} axb5 {[%clk 0:56:23]} 15. Ne4
{[%clk 0:19:00]} Bb7 {[%clk 0:56:08]} 16. Nc3 {[%clk 0:18:07]} Be7
{[%clk 0:55:15]} 17. Bf3 {[%clk 0:15:20]} b4 {[%clk 0:52:55]} 18. Nb5
{[%clk 0:11:39]} Qd7 {[%clk 0:52:15]} 19. d6 {[%clk 0:11:50]} Bxd6
{[%clk 0:52:11]} 20. Nxd6 {[%clk 0:10:46]} Qxd6 {[%clk 0:51:43]} 21. Bxb7
{[%clk 0:10:26]} Nxb7 {[%clk 0:52:11]} 22. Rxa8 {[%clk 0:10:47]} Rxa8
{[%clk 0:52:40]} 23. Qf3 {[%clk 0:11:10]} Qd7 {[%clk 0:49:49]} 24. Bd2
{[%clk 0:10:44]} Qb5 {[%clk 0:47:46]} 25. Re1 {[%clk 0:10:12]} Rd8
{[%clk 0:42:18]} 26. Re5 {[%clk 0:09:15]} Qb6 {[%clk 0:39:58]} 27. Qd5
{[%clk 0:09:01]} Nd6 {[%clk 0:35:43]} 28. g3 {[%clk 0:03:41]} c3 {[%clk 0:30:44]}
29. bxc3 {[%clk 0:02:59]} b3 {[%clk 0:31:13]} 30. Re1 {[%clk 0:02:31]} b2
{[%clk 0:31:08]} 31. Rb1 {[%clk 0:01:30]} Rc8 {[%clk 0:31:36]} 32. c4
{[%clk 0:00:36]} Nxc4 {[%clk 0:31:58]} 33. Bc3 {[%clk 0:00:45]} Qg6
{[%clk 0:29:58]} 0-1

[Event "1st Stars Cup 2016"]
[Site "Guilan, Iran"]
[Date "2016.07.20"]
[Round "10"]
[Board "4"]
[White "Lorparizangeneh, Shahin"]
[Black "Short, Nigel D"]
[Result "0-1"]
[WhiteElo "2468"]
[BlackElo "2652"]
[PlyCount "0"]
[EventDate "2016.07.11"]
[EventType "team"]
[EventRounds "10"]
[EventCountry "IRI"]
[WhiteTeam "Iran Stars"]
[BlackTeam "World Stars"]

1. c4 {[%clk 1:30:57]} e5 {[%clk 1:30:20]} 2. Nc3 {[%clk 1:31:20]} d6
{[%clk 1:30:28]} 3. e3 {[%clk 1:31:30]} g6 {[%clk 1:29:02]} 4. d4
{[%clk 1:31:48]} Bg7 {[%clk 1:27:27]} 5. Nf3 {[%clk 1:31:41]} Nh6
{[%clk 1:19:37]} 6. e4 {[%clk 1:25:47]} exd4 {[%clk 1:19:04]} 7. Nxd4
{[%clk 1:23:37]} O-O {[%clk 1:16:03]} 8. h4 {[%clk 1:20:48]} Nc6 {[%clk 1:14:35]}
9. Nxc6 {[%clk 1:14:15]} bxc6 {[%clk 1:14:49]} 10. h5 {[%clk 1:14:27]} g5
{[%clk 1:13:29]} 11. f4 {[%clk 1:13:24]} gxf4 {[%clk 0:59:30]} 12. Bxf4
{[%clk 1:13:33]} Rb8 {[%clk 0:56:35]} 13. Qd2 {[%clk 1:10:43]} Ng4
{[%clk 0:51:13]} 14. O-O-O {[%clk 1:04:44]} Be6 {[%clk 0:48:29]} 15. h6
{[%clk 1:02:13]} Bf6 {[%clk 0:48:34]} 16. Rh5 {[%clk 0:50:59]} c5
{[%clk 0:45:47]} 17. Qc2 {[%clk 0:42:24]} Bd4 {[%clk 0:39:42]} 18. Qd2
{[%clk 0:33:49]} a6 {[%clk 0:34:15]} 19. Be2 {[%clk 0:32:49]} f6 {[%clk 0:33:43]}
20. b3 {[%clk 0:30:06]} Kh8 {[%clk 0:33:39]} 21. Nd5 {[%clk 0:28:17]} Nf2
{[%clk 0:31:19]} 22. Rf1 {[%clk 0:28:18]} Nxe4 {[%clk 0:31:17]} 23. Qc2
{[%clk 0:28:19]} f5 {[%clk 0:28:46]} 24. g4 {[%clk 0:26:46]} c6 {[%clk 0:28:10]}
25. Ne3 {[%clk 0:24:13]} Qa5 {[%clk 0:26:33]} 26. Nd1 {[%clk 0:18:40]} Rg8
{[%clk 0:06:42]} 27. gxf5 {[%clk 0:17:18]} Bf7 {[%clk 0:07:08]} 28. Rh3
{[%clk 0:14:29]} Rbe8 {[%clk 0:07:19]} 29. Bh5 {[%clk 0:09:29]} Bxh5
{[%clk 0:05:09]} 30. Rxh5 {[%clk 0:09:57]} Ng3 {[%clk 0:05:21]} 31. Bxg3
{[%clk 0:06:56]} Rxg3 {[%clk 0:05:47]} 32. f6 {[%clk 0:06:25]} Qa3+
{[%clk 0:05:14]} 33. Kb1 {[%clk 0:05:27]} Rb8 {[%clk 0:05:32]} 34. Rhf5
{[%clk 0:04:32]} Rgxb3+ {[%clk 0:05:08]} 35. Qxb3 {[%clk 0:04:58]} Rxb3+
{[%clk 0:05:33]} 36. axb3 {[%clk 0:05:24]} Qxb3+ {[%clk 0:05:45]} 37. Kc1
{[%clk 0:05:52]} Qxc4+ {[%clk 0:05:17]} 38. Kd2 {[%clk 0:06:18]} Kg8
{[%clk 0:05:11]} 39. f7+ {[%clk 0:06:41]} Kf8 {[%clk 0:05:37]} 40. R1f3
{[%clk 0:05:58]} Qa2+ {[%clk 0:05:20]} 41. Kd3 {[%clk 0:05:29]} Qb3+
{[%clk 0:05:24]} 42. Ke2 {[%clk 0:05:32]} Qe6+ {[%clk 0:05:44]} 43. Kd3
{[%clk 0:05:16]} d5 {[%clk 0:05:38]} 44. Nf2 {[%clk 0:05:00]} Bxf2
{[%clk 0:03:11]} 45. Rxf2 {[%clk 0:05:24]} c4+ {[%clk 0:03:14]} 46. Kd2
{[%clk 0:03:34]} d4 {[%clk 0:03:15]} 47. R5f3 {[%clk 0:03:50]} Qxh6+
{[%clk 0:03:17]} 48. Kc2 {[%clk 0:03:00]} Qg6+ {[%clk 0:03:37]} 49. Kc1
{[%clk 0:03:12]} Qe4 {[%clk 0:03:37]} 50. Rf1 {[%clk 0:03:05]} Qe2
{[%clk 0:03:42]} 51. R3f2 {[%clk 0:02:40]} Qe3+ {[%clk 0:04:07]} 52. Kd1
{[%clk 0:03:06]} Qd3+ {[%clk 0:04:05]} 53. Ke1 {[%clk 0:03:08]} Qb1+
{[%clk 0:03:16]} 54. Ke2 {[%clk 0:03:34]} Qd3+ {[%clk 0:03:36]} 55. Ke1
{[%clk 0:03:58]} Qc3+ {[%clk 0:03:17]} 56. Kd1 {[%clk 0:02:37]} d3
{[%clk 0:03:36]} 57. Re1 {[%clk 0:02:41]} Qa1+ {[%clk 0:04:02]} 0-1

[Event "1st Stars Cup 2016"]
[Site "Guilan, Iran"]
[Date "2016.07.20"]
[Round "10"]
[Board "5"]
[White "Sokolov, Ivan"]
[Black "Darini, Pouria"]
[Result "1/2-1/2"]
[WhiteElo "2642"]
[BlackElo "2524"]
[PlyCount "0"]
[EventDate "2016.07.11"]
[EventType "team"]
[EventRounds "10"]
[EventCountry "IRI"]
[WhiteTeam "World Stars"]
[BlackTeam "Iran Stars"]

1. c4 {[%clk 1:30:50]} c5 {[%clk 1:28:23]} 2. Nc3 {[%clk 1:30:58]} Nc6
{[%clk 1:28:49]} 3. Nf3 {[%clk 1:30:11]} g6 {[%clk 1:28:27]} 4. e3
{[%clk 1:30:07]} Nf6 {[%clk 1:28:47]} 5. d4 {[%clk 1:30:09]} cxd4
{[%clk 1:29:11]} 6. exd4 {[%clk 1:30:36]} d5 {[%clk 1:29:35]} 7. cxd5
{[%clk 1:25:12]} Nxd5 {[%clk 1:26:10]} 8. Bc4 {[%clk 1:25:20]} Nxc3
{[%clk 1:26:32]} 9. Qb3 {[%clk 1:25:33]} Nd5 {[%clk 1:26:58]} 10. Bxd5
{[%clk 1:25:58]} e6 {[%clk 1:27:16]} 11. Bxc6+ {[%clk 1:26:24]} bxc6
{[%clk 1:27:41]} 12. O-O {[%clk 1:25:58]} f6 {[%clk 1:27:22]} 13. Be3
{[%clk 1:24:57]} Qd5 {[%clk 1:24:14]} 14. Rfc1 {[%clk 1:21:27]} Bd6
{[%clk 1:24:08]} 15. Ne1 {[%clk 1:17:21]} Kf7 {[%clk 1:03:48]} 16. Nd3
{[%clk 1:17:15]} Ba6 {[%clk 1:03:00]} 17. Qc2 {[%clk 0:59:23]} Rhd8
{[%clk 0:48:02]} 18. Nc5 {[%clk 0:55:38]} Bxc5 {[%clk 0:46:09]} 19. Qxc5
{[%clk 0:56:04]} Qxc5 {[%clk 0:45:50]} 20. Rxc5 {[%clk 0:56:31]} Bb7
{[%clk 0:45:53]} 21. Rac1 {[%clk 0:51:17]} Rd5 {[%clk 0:44:05]} 22. Rxd5
{[%clk 0:37:58]} exd5 {[%clk 0:44:33]} 23. Rc3 {[%clk 0:38:27]} Ke6
{[%clk 0:42:32]} 24. Ra3 {[%clk 0:37:13]} Kd7 {[%clk 0:41:26]} 25. Bd2
{[%clk 0:36:58]} a6 {[%clk 0:14:07]} 26. Rb3 {[%clk 0:34:50]} Bc8
{[%clk 0:14:36]} 27. Rh3 {[%clk 0:30:58]} h5 {[%clk 0:15:05]} 28. Rg3
{[%clk 0:29:41]} Rb8 {[%clk 0:14:44]} 29. b3 {[%clk 0:29:14]} g5 {[%clk 0:15:13]}
30. h4 {[%clk 0:29:05]} g4 {[%clk 0:13:05]} 31. Re3 {[%clk 0:29:24]} Bb7
{[%clk 0:12:55]} 32. f3 {[%clk 0:22:42]} gxf3 {[%clk 0:12:11]} 33. Rxf3
{[%clk 0:23:10]} Ke6 {[%clk 0:12:33]} 34. Kf2 {[%clk 0:23:37]} Rg8
{[%clk 0:12:31]} 35. g3 {[%clk 0:23:44]} Re8 {[%clk 0:11:50]} 36. Ke2
{[%clk 0:23:25]} Kf7+ {[%clk 0:05:56]} 37. Kd3 {[%clk 0:23:43]} Bc8
{[%clk 0:06:21]} 38. Bg5 {[%clk 0:23:00]} Re6 {[%clk 0:06:36]} 39. Rf2
{[%clk 0:21:36]} Ke7 {[%clk 0:05:57]} 40. Bh6 {[%clk 0:19:28]} Re4
{[%clk 0:02:27]} 41. Bg7 {[%clk 0:19:39]} f5 {[%clk 0:02:36]} 42. Bh6
{[%clk 0:19:21]} a5 {[%clk 0:00:59]} 43. Kc3 {[%clk 0:17:20]} Ke6
{[%clk 0:00:37]} 44. a4 {[%clk 0:14:31]} Ba6 {[%clk 0:01:03]} 45. Bd2
{[%clk 0:13:38]} Be2 {[%clk 0:00:36]} 46. Bf4 {[%clk 0:13:12]} Kd7
{[%clk 0:00:53]} 47. Bb8 {[%clk 0:11:36]} Bg4 {[%clk 0:00:52]} 48. Bf4
{[%clk 0:10:42]} Kc8 {[%clk 0:00:43]} 49. Kd3 {[%clk 0:10:28]} Kb7
{[%clk 0:01:02]} 50. Be3 {[%clk 0:10:54]} Bh3 {[%clk 0:00:57]} 51. Rc2
{[%clk 0:10:26]} Bf1+ {[%clk 0:00:54]} 52. Kd2 {[%clk 0:10:54]} Ba6
{[%clk 0:01:03]} 53. Rc3 {[%clk 0:10:14]} Kb6 {[%clk 0:01:06]} 54. Rc1
{[%clk 0:08:08]} Kb7 {[%clk 0:01:32]} 55. Re1 {[%clk 0:08:16]} Kb6
{[%clk 0:01:11]} 56. Kc3 {[%clk 0:07:05]} c5 {[%clk 0:00:37]} 57. dxc5+
{[%clk 0:07:29]} Kc6 {[%clk 0:01:06]} 58. Kb2 {[%clk 0:07:06]} d4
{[%clk 0:01:00]} 59. Bd2 {[%clk 0:07:34]} Kxc5 {[%clk 0:01:13]} 60. Bxa5
{[%clk 0:07:56]} Kd5 {[%clk 0:01:08]} 61. Bd2 {[%clk 0:07:59]} Bd3
{[%clk 0:00:45]} 62. b4 {[%clk 0:08:00]} Bc4 {[%clk 0:00:36]} 63. Kc2
{[%clk 0:07:02]} Be2 {[%clk 0:00:44]} 64. b5 {[%clk 0:07:15]} Kc4
{[%clk 0:00:49]} 65. b6 {[%clk 0:07:25]} Bd3+ {[%clk 0:00:44]} 66. Kb2
{[%clk 0:07:50]} Rxe1 {[%clk 0:01:04]} 67. Bxe1 {[%clk 0:08:18]} Be4
{[%clk 0:01:29]} 68. a5 {[%clk 0:08:00]} Kb5 {[%clk 0:01:48]} 69. Kc1
{[%clk 0:06:56]} Ka6 {[%clk 0:02:02]} 70. Bd2 {[%clk 0:05:55]} 1/2-1/2

[Event "1st Stars Cup 2016"]
[Site "Guilan, Iran"]
[Date "2016.07.20"]
[Round "10"]
[Board "6"]
[White "Miroshnichenko, Evgenij"]
[Black "Maghsoodloo, Parham"]
[Result "1/2-1/2"]
[WhiteElo "2616"]
[BlackElo "2501"]
[PlyCount "0"]
[EventDate "2016.07.11"]
[EventType "team"]
[EventRounds "10"]
[EventCountry "IRI"]
[WhiteTeam "World Stars"]
[BlackTeam "Iran Stars"]

1. d4 {[%clk 1:30:57]} Nf6 {[%clk 1:30:59]} 2. Nf3 {[%clk 1:31:22]} g6
{[%clk 1:31:25]} 3. Nbd2 {[%clk 1:31:45]} d5 {[%clk 1:31:06]} 4. e3
{[%clk 1:31:55]} Bg7 {[%clk 1:31:33]} 5. b4 {[%clk 1:31:52]} O-O {[%clk 1:31:28]}
6. Bb2 {[%clk 1:32:13]} Nfd7 {[%clk 1:30:50]} 7. c4 {[%clk 1:21:37]} c6
{[%clk 1:25:12]} 8. cxd5 {[%clk 1:18:49]} cxd5 {[%clk 1:25:37]} 9. Qb3
{[%clk 1:18:55]} Nf6 {[%clk 1:23:14]} 10. Be2 {[%clk 1:15:13]} Bg4
{[%clk 1:22:27]} 11. h3 {[%clk 1:13:30]} Bxf3 {[%clk 1:22:36]} 12. Nxf3
{[%clk 1:13:29]} Nc6 {[%clk 1:21:06]} 13. O-O {[%clk 1:11:14]} e6
{[%clk 1:15:43]} 14. Nd2 {[%clk 1:08:27]} a6 {[%clk 1:14:19]} 15. Rfc1
{[%clk 1:07:04]} Qd6 {[%clk 1:08:27]} 16. b5 {[%clk 1:05:59]} axb5
{[%clk 1:07:58]} 17. Bxb5 {[%clk 1:06:09]} Rfc8 {[%clk 1:06:52]} 18. a4
{[%clk 1:05:44]} Na5 {[%clk 1:06:13]} 19. Qd3 {[%clk 1:04:51]} Bf8
{[%clk 1:06:32]} 20. Rc2 {[%clk 1:02:30]} Rxc2 {[%clk 1:02:00]} 21. Qxc2
{[%clk 1:02:52]} Qd8 {[%clk 1:02:27]} 22. Rc1 {[%clk 1:02:41]} Ne8
{[%clk 1:02:50]} 23. Nb3 {[%clk 0:47:30]} Nd6 {[%clk 1:01:05]} 24. Nxa5
{[%clk 0:46:13]} Qxa5 {[%clk 1:00:24]} 25. Bc3 {[%clk 0:43:06]} Qa7
{[%clk 0:53:08]} 26. Rb1 {[%clk 0:42:24]} Nxb5 {[%clk 0:47:55]} 27. Rxb5
{[%clk 0:42:14]} 1/2-1/2